Operación Chavín de Huántar (Registro nro. 12232)

Detalles MARC
000 -CABECERA
Longitud fija campo de control 00763cam a2200241 a 4500
001 - NÚMERO DE CONTROL
Número de control 185076
003 - IDENTIFICADOR DELl NÚMERO DE CONTROL
Identificador del número de control OSt
005 - FECHA Y HORA DE LA ÚLTIMA TRANSACCIÓN
Fecha y hora de la última transacción 20140717170443.0
008 - CÓDIGOS DE INFORMACIÓN DE LONGITUD FIJA
Códigos de información de longitud fija 981117s1997 per spa
020 ## - NÚMERO INTERNACIONAL NORMALIZADO PARA LIBROS
Número Internacional Normalizado para Libros (ISBN) 9972-9077-0-0
040 ## - FUENTE DE LA CATALOGACIÓN
Centro catalogador de origen NDD
Centro transcriptor BMC
Centro modificado MnU
-- DLC
082 ## - NÚMERO DE LA CLASIFICACIÓN DECIMAL DEWEY
Númeroo de clasificación 985.0631
082 ## - NÚMERO DE LA CLASIFICACIÓN DECIMAL DEWEY
Númeroo de clasificación 327.5285
100 1# - PUNTO DE ACCESO PRINCIPAL-NOMBRE DE PERSONA
Nombre de persona Bari Hermoza Ríos, Nicolás de
9 (RLIN) 22205
245 10 - MENCIÓN DE TÍTULO
Título Operación Chavín de Huántar
Resto del título : rescate en la residencia de la Embajada del Japón
Mención de responsabilidad, etc. Nicolás De Bari Hermoza Ríos
250 ## - MENCIÓN DE EDICIÓN
Mención de edición 3ª ed
260 ## - PUBLICACIÓN, DISTRIBUCIÓN, ETC. (PIE DE IMPRENTA)
Lugar de publicación, distribución, etc. [Lima]
Nombre del editor, distribuidor, etc. El autor
Fecha de publicación, distribución, etc. 1997
300 ## - DESCRIPCIÓN FÍSICA
Extensión 181 p.
Otras características físicas il. col.
Dimensiones 24 cm
650 24 - PUNTO DE ACCESO ADICIONAL DE MATERIA - TÉRMINO DE MATERIA
Término de materia o nombre geográfico como elemento inicial Crisis de los rehenes en Lima, 1996-1997
9 (RLIN) 22204
651 #4 - PUNTO DE ACCESO ADICIONAL DE MATERIA - NOMBRE GEOGRÁFICO
Nombre geográfico Japón
Subdivisión de materia general Relaciones
9 (RLIN) 22203
Subdivisión geográfica Perú
651 #4 - PUNTO DE ACCESO ADICIONAL DE MATERIA - NOMBRE GEOGRÁFICO
Nombre geográfico Perú
Subdivisión de materia general Relaciones
9 (RLIN) 22202
Subdivisión geográfica Japón
942 ## - ENTRADA DE ELEMENTOS AGREGADOS (KOHA)
Fuente de clasificaión o esquema Dewey Decimal Classification
Koha [por defecto] tipo de item 1- Monografias
Existencias
Suprimido Perdido Fuente de clasificación o esquema Estropeado Restricciones de uso No para préstamo Código de colección Localización permanente Localización actual Localización en estanter&íacute;as Fecha adquisición Fuente de adquisición Número de inventario Préstamos totales Signatura completa Código de barras Fecha última consulta Fecha último préstamo Coste, precio reemplazado Fecha del precio de reemplazo Tipo de item de Koha
NULL NULL Dewey Decimal Classification NULL Prestable NULL NULL Biblioteca Miguel de Cervantes - UNICAES Biblioteca Miguel de Cervantes - UNICAES Sala Principal 14/07/2014 Donación - UNICO 019271 2 985.0631 BAR ope 1019614 20/02/2023 17/02/2023 12.00 14/07/2014 1- Monografias